Go fish /

Gespeichert in:
Bibliographische Detailangaben
Hauptverfasser: Turner, Guinevere (Verfasst von), Troche, Rose (Verfasst von)
Format: Buch
Sprache:Englisch
Veröffentlicht: Woodstock : The Overlook Press, 1995
Tags: Tag hinzufügen
Keine Tags, Fügen Sie das erste Tag hinzu!

MARC

LEADER 00000nam a22000007i 4500
001 IT\ICCU\UBO\2089334
003 ItRI
005 20260115231825.0
008 030222s1995 xxu|||||| ||||| |||||c
020 |a 0879515910 
040 |b ita  |c importazione bologna sebina 
041 7 |a eng  |2 ISO-639-2 
100 1 |a Turner, Guinevere  |0 IT\ICCU\UBOV\491269  |4 aut 
245 1 0 |a Go fish /  |c [Guinevere Turner, Rose Troche ; foreword by Lea Delaria]. 
260 |a Woodstock :  |b The Overlook Press,  |c 1995 
300 |a 173 p. :  |b ill. ;  |c 22 cm. 
700 1 |a Troche, Rose  |0 IT\ICCU\UBOV\491268  |4 aut 
942 |2 ddc  |c BK  |n 0 
952 |0 0  |1 0  |4 0  |6 L_791_700000000000000_TUR  |7 0  |9 13593  |a BO  |b BO  |d 2026-01-15  |i 5451  |l 0  |o L 791.7 TUR  |p BO5451  |r 2026-01-15 23:18:25  |w 2026-01-15  |x [Sebina 5] [1 v.]  |y BK  |z 1 v. 
999 |c 11689  |d 11689